000 00476nam a2200193Ia 4500
008 240510s9999 xx 000 0 und d
020 _a9780262018203
041 _aEng
082 _a004
082 _bK42
100 _aKLEINE,DOROTHEA
245 0 _aTechnologies of Choice? ICTs,Development,and the Capabilities Approach
260 _bCambridge:MIT Press
260 _c2013
300 _a267 p.
650 _aInformation Technology
942 _2ddc
942 _cRBK
999 _c29461
_d29461
945 _a1
_bMadushi Gamage
_c1
_dMadushi Gamage